[Event "LAT-ch"]
[Site "Riga"]
[Date "2018.05.06"]
[Round "9"]
[White "Semjonovs, Ilja"]
[Black "Pogrebnojs, Dmitrijs"]
[Result "1/2-1/2"]
[WhiteElo "2201"]
[BlackElo "2099"]
[PlyCount "118"]
[EventDate "2018.04.30"]
[EventType "swiss"]
[EventRounds "9"]
[EventCountry "LAT"]
[SourceTitle "CBM 184 Extra"]
[Source "ChessBase"]
[SourceDate "2018.06.28"]
[SourceVersion "1"]
[SourceVersionDate "2018.06.28"]
[SourceQuality "1"]

1. e4 b6 2. d4 Bb7 3. Bd3 e6 4. Nf3 Nf6 5. Qe2 d5 6. e5 Nfd7 7. 0-0 Be7 8. c4 dxc4 9. Bxc4 0-0 10. Nc3 Re8 11. Bf4 Nf8 12. Rad1 Nbd7 13. Rd2 Bb4 14. Rfd1 Ng6 15. Bg3 Qe7 16. d5 Nc5 17. dxe6 fxe6 18. Nd4 Qf7 19. Qg4 Bxc3 20. bxc3 Bd5 21. Bxd5 exd5 22. f4 Ne4 23. Rd3 h5 24. Qxh5 Nxe5 25. Qxf7+ Nxf7 26. Nb5 Rec8 27. f5 c6 28. Nd4 Nfd6 29. Bxd6 Nxd6 30. Rg3 c5 31. Ne6 Nxf5 32. Rg5 Rc6 33. Nxc5 Rxc5 34. Rxf5 Rxc3 35. Rfxd5 Rc2 36. R1d2 Rac8 37. h3 Rxd2 38. Rxd2 Rc3 39. Kh2 b5 40. Rb2 Rc5 41. Kg3 a6 42. Rb3 Rc4 43. Ra3 Rc6 44. Kf4 Kf7 45. g4 Kf6 46. h4 Rc4+ 47. Kg3 Rc6 48. Rf3+ Kg6 49. h5+ Kg5 50. Rf5+ Kh6 51. Kh4 Rc4 52. Rd5 Ra4 53. Rd6+ Kh7 54. Rd2 Kh6 55. Rd7 g5+ 56. hxg6 Kxg6 57. Rd2 Ra3 58. Rd6+ Kg7 59. Rd2 Kg6 1/2-1/2